Ochrana zákazníkov pred nekvalitou produktov
Enregistré dans:
| Auteurs principaux: | , |
|---|---|
| Format: | Livre |
| Langue: | slovaque |
| Publié: |
Trnava :
VIVAEDUCA,
2009
|
| Édition: | 1. vyd. |
| Sujets: | |
| Tags: |
Pas de tags, Soyez le premier à ajouter un tag!
|
MARC
| LEADER | 00000nam a22000003a 4500 | ||
|---|---|---|---|
| 001 | stu197071 | ||
| 005 | 20221212133757.9 | ||
| 008 | 091210s2009----xo------------------slo-d | ||
| 020 | |a 978-80-969827-7-6 | ||
| 040 | |a STU |b slo | ||
| 041 | 0 | |a slo | |
| 044 | |a xo | ||
| 100 | 1 | |a Šalgovičová, Jarmila, |d 1950- |4 aut |u M4000 |9 50 |U MTF Materiálovotechnologická fakulta |T MTF Ústav priemyselného inžinierstva a manažmentu |X 1492 |U M4000 |Y 84 |7 A000001492 | |
| 245 | 1 | |a Ochrana zákazníkov pred nekvalitou produktov | |
| 250 | |a 1. vyd. | ||
| 260 | |a Trnava : |b VIVAEDUCA, |c 2009 | ||
| 300 | |a CD-ROM | ||
| 300 | |a 132 s | ||
| 650 | 7 | |a ochrana zákazníkov |2 stusub | |
| 700 | 1 | |a Urdziková, Jana |4 aut |u M4000 |9 50 |U MTF Materiálovotechnologická fakulta |T MTF Ústav priemyselného inžinierstva a manažmentu |U M4000 |Y 84 | |
| 996 | |b 284M078128 |c M*CD-1530 |l MMKN |s A |a 24 |w stu197071_0001 | ||
| 996 | |b 284M078129 |c M*CD-1531 |l MMKN |s A |a 24 |w stu197071_0002 | ||